| 000 | 01417nam a2200241Ia 4500 | ||
|---|---|---|---|
| 003 | Ost | ||
| 005 | 20260507075620.0 | ||
| 008 | 260507s9999||||xx |||||||||||||| ||und|| | ||
| 020 | _a9789931034087 | ||
| 040 | _cfsecg | ||
| 041 | _aara | ||
| 082 | _a330.1543 | ||
| 100 |
_aصفيح، صادق _eمؤلف |
||
| 245 | 0 |
_aالرياضيات المالية دروس وتطبيقات / _c صادق صفيح |
|
| 260 |
_aالجزائر: _bدار هومة للطباعة والنشر والتوزيع, _c2019 |
||
| 300 |
_a181 صفحة؛ _bإيضاحات ؛ _c22 سم |
||
| 504 | _aالمراجع ص.177 | ||
| 520 | _aيتضمن الكتاب طرحا مفصلا بالشرح المبسط مدعما بتطبيقات وتمارين محلولة لترسيخ الفهم وأخرى متروكة لاجتهاد المتعلم، ولقد تم اعداده وفق البرنامج الرسمي المتعمد من طرف اللجنة البيداغوجية الوطنية لميدان العلوم الاقتصادية والتسيير والعلوم التجارية، حيث تناول الفوائد البسيطة والمركبة والخصوم والدفعات و القروض، بالاضافة الى اختيار الاستثمارات. | ||
| 653 | _aالإقتصاد الرياضي | ||
| 653 | _aالرياضيات المالية | ||
| 700 |
_aيقور، أحمد _eمؤلف ثانوي |
||
| 942 | _cكتاب | ||
| 999 |
_c45133 _d45133 |
||